Estadísticas para Once histórico del Atlético de Madrid - Chat GPT

Haz click aquí para intentar la prueba.

Estadísticas generales

  • Esta prueba ha sido intentada 77 veces
  • La puntuación promedio es 8 de 11

Estadísticas de respuestas

Respuesta% Correcto
Diego Simeone
100%
Diego Godín
97%
Fernando Torres
95%
Diego Forlán
92%
Gabi Fernández
92%
Arda Turan
88%
Filipe Luis
88%
Luis Aragonés
73%
Paulo Futre
67%
Luís Pereira
17%
Miguel Reina
17%

Distribución de puntuación

Porcentaje por número respondido

Porcentaje de gente con cada puntuación

Historial de tus puntuaciones

No has intentado esta prueba.